Markets and the environment
محفوظ في:
| المؤلف الرئيسي: | |
|---|---|
| التنسيق: | كتاب |
| منشور في: |
Princeton University Press
|
| الوسوم: |
لا توجد وسوم, كن أول من يضع وسما على هذه التسجيلة!
|
MARC
| LEADER | 00000nam a2200000Ia 4500 | ||
|---|---|---|---|
| 005 | 20260515061619.0 | ||
| 100 | |a Keohane, Nathaniel O., | ||
| 020 | |a 9781610916073 | ||
| 942 | |c BK | ||
| 245 | |a Markets and the environment | ||
| 260 | |b Princeton University Press | ||
| 999 | |c 92 |d 92 | ||
| 952 | |0 0 |1 0 |4 0 |7 0 |a ABDN |b ABDN |d 2026-05-15 |l 0 |p 000071 |r 2026-05-15 06:16:19 |w 2026-05-15 |y BK | ||